000 01424cad a22002175a 4500
001 L158239
008 141103e20141221xxk 000 0 eng d
035 _a(Sirsi) u158239
041 0 _aeng
245 0 0 _aPhillips and others v Francis
_h[electronic resource]
520 _a[2014] EWCA Civ 1395, 31 October 2014. Lessors F appealed against HC decision [2012] EWHC 3650 (Ch), 21 Dec 2012 (L157608) regarding the calculation of management charges and lack of consultation for qualifying works under the Landlord and Tenant Act 1985 s20. "Held" appeal allowed in part. Qualifying works provisions limiting tenants contributions under s20 of the 1985 Act were not to be interpreted in such a way that landlords were required to consult tenants on any service charge however small once the limited for contributions had been reached even for emergency work would not be practical and could lead to administrative problems for landlord and tenant. Management charges are not recoverable under service charge provisions in the lease.
650 2 4 _aPHILLIPS V FRANCIS
650 2 4 _aSERVICE CHARGES
650 2 4 _aQUALIFYING WORKS
650 2 4 _aCONSULTATION
650 2 4 _aLANDLORD AND TENANT ACT 1985 S20
651 4 _aEngland and Wales
_y1543-
690 _aLandlord and tenant
_96252
856 4 0 _uhttps://www.bailii.org/ew/cases/EWCA/Civ/2014/1395.html
_zView the law report free of charge at www.bailii.org
942 _n0
999 _c84536
_d84536